Cliquez sur les départements en C sur une carte - Statistiques

Statistiques générales
  • Ce quiz a été pris 101 fois
  • Le résultat moyen est 8 sur 10
Réponses sur la Carte
Les réponses sont colorées sur une échelle allant du rouge au vert en fonction du pourcentage des utilisateurs qui les ont devinées à leur premier essai. Vous pouvez retrouver ces pourcentages ci-dessous.
 
Statistiques - réponses
Réponse % Correct
Charente-Maritime
96%
Corse-du-Sud
93%
Calvados
91%
Côtes-d'Armor
87%
Cantal
81%
Côte-d'Or
80%
Charente
77%
Creuse
73%
Cher
64%
Corrèze
63%
Aucun quiz correspondant
Distribution des résultats
% des personnes avec chaque résultat
Percentile par nombre de réponses
Votre historique - résultats
Vous n’avez pas pris ce quiz